[Event "Brandenburg-Rheinlandpfalz"]
[Site "Gladenbach"]
[Date "2011.09.16"]
[Round "6.2"]
[White "Grottke, Hans-Joachim"]
[Black "Walter, Berthold"]
[Result "1-0"]
[WhiteElo "2178"]
[BlackElo "1910"]
[PlyCount "89"]
[EventDate "2011.??.??"]
[WhiteTeam "Brandenburg"]
[BlackTeam "Rheinlandpfalz"]

1. e4 e5 2. Nf3 Nc6 3. Bb5 a6 4. Bxc6 dxc6 5. Nc3 f6 6. d4 Bg4 7. dxe5 Qxd1+ 8.
Nxd1 Bxf3 9. gxf3 fxe5 10. f4 exf4 11. Bxf4 O-O-O 12. Ne3 Ne7 13. Bg5 h6 14.
Bxe7 Bxe7 15. Rd1 Bg5 16. Ke2 Bf4 17. h3 Rhe8 18. f3 Rxd1 19. Rxd1 Re5 20. Ng2
g5 21. Nxf4 gxf4 22. Rg1 Rh5 23. Rg4 Rxh3 24. Rxf4 Kd7 25. Rf7+ Kd6 26. b3 Rh2+
27. Kd3 Rh3 28. a4 b6 29. c4 Ke6 30. Rf8 Ke7 31. Rf5 Ke6 32. Ke3 h5 33. Rf8 Ke7
34. Rh8 Rh1 35. Kf4 Rh3 36. Rh7+ Kd8 37. e5 h4 38. Ke4 Rh1 39. Kf5 h3 40. Ke6
Kc8 41. Rh8+ Kb7 42. f4 h2 43. f5 c5 44. f6 Kc6 45. f7 1-0

[Event "Brandenburg-Rheinlandpfalz"]
[Site "Gladenbach"]
[Date "2011.09.16"]
[Round "6.3"]
[White "Neumann, Horst"]
[Black "Tröger, Rainer"]
[Result "1/2-1/2"]
[WhiteElo "1764"]
[BlackElo "2060"]
[PlyCount "60"]
[EventDate "2011.??.??"]
[WhiteTeam "Rheinlandpfalz"]
[BlackTeam "Brandenburg"]

1. d4 g6 2. Nf3 Bg7 3. e4 d6 4. c4 Bg4 5. Be2 c6 6. O-O Nf6 7. Nc3 O-O 8. Qc2
Nbd7 9. h3 Bxf3 10. Bxf3 e5 11. Be3 a6 12. Rfd1 Qe7 13. d5 cxd5 14. Nxd5 Nxd5
15. Rxd5 Rfc8 16. Rc1 Rc6 17. Be2 h6 18. f3 Rac8 19. b3 Kh7 20. Qd2 Bf8 21. Rd1
Nf6 22. Rd3 b5 23. Qa5 bxc4 24. bxc4 Qc7 25. Ra3 Qxa5 26. Rxa5 Nd7 27. Rb1 R6c7
28. Rd5 f5 29. exf5 gxf5 30. Bd3 Kg7 1/2-1/2

[Event "Brandenburg-Rheinlandpfalz"]
[Site "Gladenbach"]
[Date "2011.09.16"]
[Round "6.4"]
[White "Rödel, Egmar"]
[Black "Baudner, Guntmar"]
[Result "1/2-1/2"]
[WhiteElo "1908"]
[BlackElo "1846"]
[PlyCount "43"]
[EventDate "2011.??.??"]
[WhiteTeam "Brandenburg"]
[BlackTeam "Rheinlandpfalz"]

1. d4 d5 2. Nc3 Nf6 3. Bg5 c5 4. e3 e6 5. Nf3 Be7 6. Be2 Nbd7 7. O-O O-O 8. Re1
a6 9. a4 b6 10. Nb1 Ne4 11. Bxe7 Qxe7 12. Nbd2 f5 13. c4 Bb7 14. a5 dxc4 15.
axb6 cxd4 16. Nxe4 d3 17. Nc3 dxe2 18. Qxe2 Nxb6 19. e4 fxe4 20. Nxe4 Bd5 21.
Qe3 Qb4 22. Nd4 1/2-1/2

[Event "Württemberg 2-Berlin 2"]
[Site "Gladenbach"]
[Date "2011.09.16"]
[Round "6.1"]
[White "Welz, Peter"]
[Black "Hottes, Dieter"]
[Result "1/2-1/2"]
[WhiteElo "2036"]
[BlackElo "2035"]
[PlyCount "38"]
[EventDate "2011.??.??"]
[WhiteTeam "Berlin 2"]
[BlackTeam "Württemberg 2"]

1. e4 c5 2. Nc3 Nc6 3. g3 g6 4. Bg2 Bg7 5. d3 d6 6. Be3 Rb8 7. Qd2 b5 8. f4 b4
9. Nd1 Bd7 10. Nf3 e6 11. O-O Nd4 12. c3 bxc3 13. bxc3 Nxf3+ 14. Bxf3 Ne7 15.
d4 Qc7 16. Nf2 O-O 17. Rab1 c4 18. g4 f5 19. gxf5 gxf5 1/2-1/2

[Event "Württemberg 2-Berlin 2"]
[Site "Gladenbach"]
[Date "2011.09.16"]
[Round "6.2"]
[White "Häcker, Johannes"]
[Black "Burger, Heinrich"]
[Result "0-1"]
[WhiteElo "2074"]
[BlackElo "2014"]
[PlyCount "167"]
[EventDate "2011.??.??"]
[WhiteTeam "Württemberg 2"]
[BlackTeam "Berlin 2"]

1. d4 Nf6 2. c4 e6 3. Nc3 Bb4 4. Qc2 O-O 5. Bg5 h6 6. Bh4 d5 7. e3 Nbd7 8. Nf3
c6 9. cxd5 exd5 10. Bd3 Re8 11. O-O Bd6 12. Rac1 Nf8 13. Rfe1 Bg4 14. Nd2 Bh5
15. Nf1 Bg6 16. Bf5 Bxf5 17. Qxf5 Qd7 18. Qf3 Ne4 19. Bg3 Nh7 20. Nxe4 Rxe4 21.
Qd1 Re6 22. Qd3 Nf6 23. f3 Rae8 24. a3 g6 25. Re2 Nh5 26. Bxd6 Qxd6 27. Rec2
Ng7 28. b4 a6 29. Rd1 Nf5 30. Re2 Qe7 31. Rde1 Nd6 32. Nd2 f5 33. g3 Kg7 34.
Kf2 Qf6 35. Rg1 R6e7 36. Rge1 Qf7 37. Rc1 Ne4+ 38. Kg2 Nxd2 39. Qxd2 f4 40.
Rce1 fxg3 41. hxg3 Qf5 42. Rh1 Rf8 43. Rf2 g5 44. g4 Qg6 45. Re2 Rxf3 46. Kxf3
Qe4+ 47. Kg3 Qxh1 48. Rg2 Rf7 49. Rf2 Qh4+ 50. Kg2 Qxg4+ 51. Kf1 Qh3+ 52. Kg1
Qg3+ 53. Rg2 Qf3 54. Qe1 Qe4 55. Qg3 Re7 56. Re2 Kg6 57. Qd6+ Qe6 58. Qg3 h5
59. Kf2 h4 60. Qh2 Qf6+ 61. Ke1 g4 62. Qb8 g3 63. Qg8+ Kh6 64. Kd2 Qg7 65. Qd8
Re4 66. Qd6+ Kh7 67. Rg2 Rg4 68. Qe6 h3 69. Qf5+ Qg6 70. Qd7+ Kh6 71. Rg1 g2
72. Qc7 Qf5 73. Qd8 Qf2+ 74. Kd3 Qf5+ 75. Kd2 Kh7 76. Qe7+ Kh8 77. Qd8+ Kg7 78.
Qe7+ Kg6 79. Qd6+ Kh5 80. Qd8 Rg6 81. Qh8+ Kg4 82. Qh7 Kg3 83. Qc7+ Kf2 84. Qh2
0-1

[Event "Württemberg 2-Berlin 2"]
[Site "Gladenbach"]
[Date "2011.09.16"]
[Round "6.3"]
[White "Krug, Peter"]
[Black "Franck, Rudolf"]
[Result "1-0"]
[WhiteElo "2056"]
[BlackElo "2084"]
[PlyCount "109"]
[EventDate "2011.??.??"]
[WhiteTeam "Berlin 2"]
[BlackTeam "Württemberg 2"]

1. e4 d6 2. d4 Nf6 3. Nc3 Nbd7 4. Nf3 c5 5. d5 g6 6. Be2 a6 7. a4 Bg7 8. O-O
O-O 9. h3 b6 10. Bg5 h6 11. Be3 Rb8 12. Qc1 Kh7 13. Nd2 Ne8 14. f4 Nc7 15. Nc4
Bb7 16. Bf3 Ba8 17. Rd1 b5 18. axb5 axb5 19. Na5 Nb6 20. Ne2 f5 21. Nc6 Bxc6
22. dxc6 fxe4 23. Bxe4 Nc4 24. c3 Qe8 25. Bf2 Ra8 26. Rxa8 Nxa8 27. b3 Ncb6 28.
Qc2 Nc7 29. f5 gxf5 30. Bxf5+ Kh8 31. Nf4 Rf6 32. Bh4 Qxc6 33. Bxf6 Bxf6 34.
Qe2 d5 35. Qg4 Bg5 36. Ng6+ Kg7 37. Nxe7 Qf6 38. Re1 Qxc3 39. Kf1 Qd2 40. Qh5
Qf4+ 41. Kg1 Qd6 42. Ng6 d4 43. Ne5 Qf6 44. Qg4 h5 45. Qe4 Nbd5 46. Nd7 Qd6 47.
Qf3 Kh6 48. Ne5 Qf6 49. Nd7 Qg7 50. Nxc5 Be3+ 51. Kh1 Qe5 52. Nd3 Qf6 53. Rf1
Ne7 54. Be4 Qxf3 55. Rxf3 {Rest nicht lesbar} 1-0

[Event "Württemberg 2-Berlin 2"]
[Site "Gladenbach"]
[Date "2011.09.16"]
[Round "6.4"]
[White "Lainburg, Viktor"]
[Black "Badestein, Hartmut"]
[Result "1-0"]
[WhiteElo "2000"]
[BlackElo "1988"]
[PlyCount "99"]
[EventDate "2011.??.??"]
[WhiteTeam "Württemberg 2"]
[BlackTeam "Berlin 2"]

1. d4 Nf6 2. Bg5 c5 3. dxc5 Na6 4. Nf3 Nxc5 5. Nbd2 d5 6. e3 e6 7. b4 Ncd7 8.
a3 a5 9. c3 h6 10. Bh4 Be7 11. Be2 O-O 12. O-O Nb6 13. Qb3 a4 14. Qb2 Qc7 15.
Bg3 Bd6 16. Bxd6 Qxd6 17. c4 dxc4 18. Nxc4 Nxc4 19. Bxc4 Bd7 20. Rfd1 Qb6 21.
Qd4 Qxd4 22. Rxd4 Rfc8 23. Ne5 Be8 24. Rad1 b5 25. Bf1 Rc3 26. R4d3 Rac8 27. g3
Nd5 28. e4 Rxd3 29. Rxd3 Nc3 30. f3 Nb1 31. Kf2 f6 32. Ng4 Rc3 33. Rxc3 Nxc3
34. Ne3 Nb1 35. Nc2 Kf7 36. Ke1 f5 37. exf5 exf5 38. Kd1 f4 39. g4 Kf6 40. Kc1
Nc3 41. Nd4 Ke7 42. Kc2 Nd5 43. Bxb5 Bxb5 44. Nxb5 Nb6 45. Kd3 Ke6 46. Nc3 h5
47. Kd4 Kd6 48. g5 Kc6 49. b5+ Kd6 50. Ne4+ 1-0

[Event "Schleswig Holstein 1-Hessen 2"]
[Site "Gladenbach"]
[Date "2011.09.16"]
[Round "6.1"]
[White "Isserman, Ryhor"]
[Black "Salov, Sergej"]
[Result "1/2-1/2"]
[WhiteElo "2251"]
[BlackElo "2221"]
[PlyCount "40"]
[EventDate "2011.??.??"]
[WhiteTeam "Hessen 2"]
[BlackTeam "Schleswig Holstein 1"]

1. e4 c5 2. Nf3 e6 3. d3 Nc6 4. g3 g6 5. Qe2 d6 6. Bg5 Qa5+ 7. c3 Bg7 8. Bg2
Nd4 9. Nxd4 cxd4 10. Bd2 Qb6 11. Bf4 Ne7 12. O-O e5 13. Bg5 f6 14. Bc1 Nc6 15.
Na3 Be6 16. c4 O-O 17. Bd2 f5 18. exf5 gxf5 19. b4 Rae8 20. Nb5 Qd8 1/2-1/2

[Event "Schleswig Holstein 1-Hessen 2"]
[Site "Gladenbach"]
[Date "2011.09.16"]
[Round "6.2"]
[White "Neumann, Joachim"]
[Black "Zunker, Reinhard"]
[Result "1/2-1/2"]
[WhiteElo "2040"]
[BlackElo "2019"]
[PlyCount "60"]
[EventDate "2011.??.??"]
[WhiteTeam "Schleswig Holstein 1"]
[BlackTeam "Hessen 2"]

1. c4 Nc6 2. g3 e5 3. Bg2 g6 4. Nc3 Bg7 5. e4 d6 6. Nge2 Nge7 7. d3 Be6 8. Nd5
h6 9. O-O Qd7 10. Be3 Nd4 11. Nxd4 exd4 12. Bd2 c6 13. Nxe7 Qxe7 14. f4 Bd7 15.
Qf3 O-O-O 16. b4 Kb8 17. a4 h5 18. h3 f5 19. exf5 Bxf5 20. b5 Qd7 21. bxc6 Qxc6
22. Qd1 Qa6 23. Rb1 Rd7 24. Qf3 d5 25. Rb5 Qxa4 26. Rfb1 Rhd8 27. Ba5 b6 28.
cxd5 Rd6 29. Bb4 Bf8 30. Bxd6+ Bxd6 1/2-1/2

[Event "Schleswig Holstein 1-Hessen 2"]
[Site "Gladenbach"]
[Date "2011.09.16"]
[Round "6.3"]
[White "Niebling, Ferdinand"]
[Black "Böttcher, Ulrich"]
[Result "1/2-1/2"]
[WhiteElo "2009"]
[BlackElo "2007"]
[PlyCount "93"]
[EventDate "2011.??.??"]
[WhiteTeam "Hessen 2"]
[BlackTeam "Schleswig Holstein 1"]

1. d4 f5 2. Nc3 Nf6 3. Bg5 d5 4. Bxf6 exf6 5. e3 c6 6. Bd3 Bd6 7. Qf3 g6 8. h4
h5 9. Nh3 Be6 10. Nf4 Bf7 11. O-O-O Qa5 12. Kb1 Nd7 13. Rh3 b5 14. Rg3 Rg8 15.
Nce2 Nb6 16. Nc1 Nc4 17. Nb3 Qa4 18. Nxh5 Ke7 19. Nf4 Ba3 20. Bxc4 bxc4 21.
bxa3 Qxa3 22. e4 fxe4 23. Qc3 cxb3 24. cxb3 Qd6 25. Ne2 Rh8 26. Rh3 Be6 27.
Rhh1 a5 28. Rc1 Bd7 29. g3 a4 30. Qc5 axb3 31. Qxd6+ Kxd6 32. axb3 Rab8 33. Kb2
Rb4 34. Kc3 Rhb8 35. Rb1 Bf5 36. Rb2 Bc8 37. Ra1 Bg4 38. Nf4 g5 39. hxg5 fxg5
40. Ng2 R8b6 41. Ne3 Bc8 42. Ra8 Be6 43. Nc2 R4b5 44. Na3 Rb4 45. Ra7 Rb7 46.
Ra8 Rb8 47. Ra7 1/2-1/2

[Event "Schleswig Holstein 1-Hessen 2"]
[Site "Gladenbach"]
[Date "2011.09.16"]
[Round "6.4"]
[White "Seeck, Klaus"]
[Black "Limberg, Siegfried"]
[Result "1-0"]
[WhiteElo "1916"]
[BlackElo "2032"]
[PlyCount "121"]
[EventDate "2011.??.??"]
[WhiteTeam "Schleswig Holstein 1"]
[BlackTeam "Hessen 2"]

1. d4 Nf6 2. c4 e6 3. Nf3 d5 4. Nc3 c6 5. Bg5 Nbd7 6. e3 h6 7. Bh4 Be7 8. Rc1
O-O 9. Bd3 dxc4 10. Bxc4 b5 11. Bd3 Bb7 12. O-O a6 13. Bb1 Rc8 14. Qe2 Nd5 15.
Bg3 c5 16. e4 Nxc3 17. bxc3 cxd4 18. cxd4 Qb6 19. Qd3 g6 20. Bf4 Kg7 21. Qd2 g5
22. Be3 Qd6 23. h4 f6 24. Rfd1 Qb4 25. hxg5 hxg5 26. Qe2 Rh8 27. e5 fxe5 28.
Nxg5 Bxg5 29. Bxg5 e4 30. Qg4 Kf7 31. Rxc8 Bxc8 32. Qxe4 Rg8 33. Qh7+ Rg7 34.
Qh5+ Kg8 35. Qe8+ Nf8 36. Bh6 Rc7 37. Qd8 Qe7 38. Qxe7 Rxe7 39. Bg5 Rc7 40. Rc1
Rxc1+ 41. Bxc1 Bb7 42. f3 Bd5 43. a3 Nd7 44. Kf2 Kf7 45. Be4 Bc4 46. Bd2 Nb8
47. g4 Ke7 48. g5 Kf7 49. Bc3 Bb3 50. g6+ Kg8 51. Ke3 Nd7 52. d5 exd5 53. Bf5
d4+ 54. Bxd4 Nf8 55. Bc3 Ne6 56. f4 Nd8 57. Be4 Ne6 58. f5 Nc5 59. Bb1 Nb7 60.
Kf4 a5 61. Bd3 1-0

[Event "Hessen 3-Niedersachsen 2"]
[Site "Gladenbach"]
[Date "2011.09.16"]
[Round "6.1"]
[White "Hilburt, Leonid"]
[Black "Kripp, Wolfgang"]
[Result "1/2-1/2"]
[WhiteElo "1994"]
[BlackElo "1963"]
[PlyCount "120"]
[EventDate "2011.??.??"]
[WhiteTeam "Niedersachsen 2"]
[BlackTeam "Hessen 3"]

1. e4 Nf6 2. e5 Nd5 3. d4 d6 4. c4 Nb6 5. exd6 exd6 6. Nc3 Be7 7. h3 Bf5 8. Nf3
O-O 9. Be3 h6 10. Bd3 Bxd3 11. Qxd3 d5 12. b3 c6 13. O-O Bf6 14. c5 N6d7 15. b4
Na6 16. b5 Nc7 17. a4 Re8 18. Rab1 Qc8 19. Ne2 Ne6 20. Ng3 b6 21. Rfc1 bxc5 22.
dxc5 Be7 23. bxc6 Qxc6 24. Nd4 Nxd4 25. Bxd4 g6 26. Qb5 Rac8 27. Qxc6 Rxc6 28.
Rb7 Nb6 29. Rxa7 Nc4 30. Ne4 Ne5 31. Bxe5 dxe4 32. Bd4 Kf8 33. Rb7 Ra8 34. a5
Bd8 35. Re1 Re6 36. f3 exf3 37. Rxe6 fxe6 38. gxf3 Bxa5 39. Bg7+ Ke8 40. Bxh6
Rc8 41. Be3 Bc7 42. Kg2 e5 43. h4 Kd7 44. Kh3 Rh8 45. Kg4 Rh5 46. Bg5 Rh7 47.
Ra7 Kc6 48. Ra6+ Kxc5 49. Rxg6 Kd5 50. h5 e4 51. fxe4+ Kxe4 52. Bf6 Bf4 53. Bg7
Bc1 54. h6 Bxh6 55. Bxh6 Re7 56. Bg5 Re8 57. Rc6 Rg8 58. Re6+ Kd5 59. Re3 Kd4
60. Kf5 Ra8 1/2-1/2

[Event "Hessen 3-Niedersachsen 2"]
[Site "Gladenbach"]
[Date "2011.09.16"]
[Round "6.2"]
[White "Orwatsch, Gerhard"]
[Black "Rickers, Gerd"]
[Result "1-0"]
[WhiteElo "1991"]
[BlackElo "1902"]
[PlyCount "83"]
[EventDate "2011.??.??"]
[WhiteTeam "Hessen 3"]
[BlackTeam "Niedersachsen 2"]

1. d4 Nf6 2. Bf4 g6 3. h3 Bg7 4. e3 d6 5. Bc4 O-O 6. Nf3 Nbd7 7. O-O Qe8 8. c3
e5 9. Bh2 Qe7 10. a4 a6 11. a5 e4 12. Nfd2 Re8 13. Qb3 Nf8 14. Na3 Ne6 15. Rfe1
c6 16. Bf1 d5 17. c4 Nd8 18. Rac1 Bf8 19. Rc3 Qb4 20. Nc2 Qxb3 21. Rxb3 Re6 22.
Bc7 Be7 23. f3 Ne8 24. Bg3 f5 25. fxe4 fxe4 26. Nb4 Nf6 27. Be5 Bxb4 28. Rxb4
Nf7 29. Bh2 Nd6 30. Be2 Kf7 31. Rf1 Nf5 32. Rb3 Ke7 33. g4 Nh4 34. g5 Nh5 35.
Bg4 Nf5 36. Bxh5 Bd7 37. Bg4 Rf8 38. Rxb7 Nxe3 39. Rxf8 Nxg4 40. Bd6+ Kxd6 41.
hxg4 e3 42. Rf7 1-0

[Event "Hessen 3-Niedersachsen 2"]
[Site "Gladenbach"]
[Date "2011.09.16"]
[Round "6.3"]
[White "Davydov, Mihail"]
[Black "Biller, Helmut"]
[Result "1/2-1/2"]
[WhiteElo "1891"]
[BlackElo "1973"]
[PlyCount "114"]
[EventDate "2011.??.??"]
[WhiteTeam "Niedersachsen 2"]
[BlackTeam "Hessen 3"]

1. e4 d6 2. d4 Nf6 3. Nc3 g6 4. Be3 c6 5. Qd2 b5 6. a3 Nbd7 7. Nge2 Qc7 8. f3
Bb7 9. Nc1 a6 10. Nb3 Bg7 11. Bh6 O-O 12. Be2 e5 13. Bxg7 Kxg7 14. O-O Rad8 15.
Rfe1 exd4 16. Qxd4 Nb6 17. Bf1 c5 18. Qf2 Bc8 19. a4 b4 20. a5 bxc3 21. axb6
Qxb6 22. bxc3 Rd7 23. Ra5 Ra7 24. Rea1 Ne8 25. g3 Nc7 26. Bc4 Be6 27. Qf1 Bxc4
28. Qxc4 Raa8 29. Kg2 Rae8 30. Nd2 Qb8 31. Qd3 Rd8 32. c4 Qb6 33. R5a3 Rb8 34.
h4 h5 35. Nf1 Rfd8 36. Ne3 Qb2 37. R1a2 Qe5 38. Nd5 Nxd5 39. Qxd5 Rb6 40. Rxa6
Rdb8 41. Rxb6 Rxb6 42. Qxe5+ dxe5 43. Ra5 Rc6 44. Kf2 Kf6 45. Ke3 Ke6 46. Kd3
Kd6 47. Ra8 Rc7 48. Rd8+ Rd7 49. Rxd7+ Kxd7 50. g4 f6 51. Ke3 Ke6 52. Kf2 Kd6
53. Kg3 Ke6 54. Kf2 Kd6 55. Ke3 Ke6 56. Kd3 Kd6 57. Ke3 Kc6 1/2-1/2

[Event "Hessen 3-Niedersachsen 2"]
[Site "Gladenbach"]
[Date "2011.09.16"]
[Round "6.4"]
[White "Schlag, Franz"]
[Black "Rychlik, Kurt"]
[Result "1-0"]
[WhiteElo "1847"]
[BlackElo "1896"]
[PlyCount "120"]
[EventDate "2011.??.??"]
[WhiteTeam "Hessen 3"]
[BlackTeam "Niedersachsen 2"]

1. Nc3 d5 2. e4 d4 3. Nce2 e5 4. Ng3 Nf6 5. Bc4 Bd6 6. d3 O-O 7. N1e2 c6 8. O-O
b5 9. Bb3 a5 10. a3 a4 11. Ba2 Bg4 12. f3 Be6 13. f4 exf4 14. Nxf4 Bxa2 15.
Rxa2 g6 16. Nh3 Nbd7 17. Bg5 Be5 18. Bh6 Re8 19. Qf3 c5 20. Nf2 Re6 21. Ng4 Bd6
22. Raa1 Qe8 23. Rae1 Nxg4 24. Qxg4 Ne5 25. Qg5 Be7 26. Qd2 Ng4 27. Bf4 f6 28.
h3 Ne5 29. Nh1 Nf7 30. Nf2 h5 31. Qe2 Kg7 32. h4 g5 33. hxg5 fxg5 34. Bd2 Ne5
35. Nh3 Qg6 36. Rf5 Rf8 37. Ref1 Ref6 38. Bxg5 Rxf5 39. exf5 Qd6 40. Bxe7 Qxe7
41. Qxh5 Rf6 42. Qg5+ Kf7 43. Nf4 Rd6 44. Qh5+ Kg8 45. Ne6 c4 46. Rf4 Rxe6 47.
fxe6 Qxe6 48. Qg5+ Ng6 49. Rf6 Qe1+ 50. Kh2 Qh4+ 51. Qxh4 Nxh4 52. Rf4 cxd3 53.
cxd3 Ng6 54. Rxd4 Kf7 55. Rb4 Ne5 56. Rxb5 Nxd3 57. g4 Ke6 58. Kg3 Kd6 59. g5
Ke6 60. Kg4 Ne5+ 1-0

[Event "Sachsen Anhalt 2-Mecklenburg VP 1"]
[Site "Gladenbach"]
[Date "2011.09.16"]
[Round "6.1"]
[White "Wiemer, Jürgen"]
[Black "Hamm, Georg"]
[Result "0-1"]
[WhiteElo "1972"]
[BlackElo "2022"]
[PlyCount "182"]
[EventDate "2011.??.??"]
[WhiteTeam "Mecklenburg VP 1"]
[BlackTeam "Sachsen Anhalt 2"]

1. e4 g6 2. d4 Bg7 3. Nc3 d6 4. Be3 c6 5. Qd2 a6 6. Nge2 b5 7. a3 Qc7 8. Ng3
Nd7 9. Be2 Bb7 10. O-O h5 11. h4 Nh6 12. f3 Rd8 13. Rac1 Nb6 14. b3 c5 15. Nd1
c4 16. Qa5 Rc8 17. Nb2 d5 18. e5 e6 19. a4 Bc6 20. axb5 axb5 21. bxc4 bxc4 22.
Qb4 Bf8 23. Qd2 Bb7 24. c3 Ng8 25. Ra1 Ne7 26. Bg5 Nc6 27. Bf6 Rh7 28. Nh1 Be7
29. Qg5 Bxf6 30. Qxf6 Qd8 31. Qf4 Kd7 32. Nf2 Kc7 33. Nh3 Qe7 34. Rfb1 Ra8 35.
Rxa8 Bxa8 36. Ng5 Rg7 37. Ra1 Bb7 38. Bd1 Nb8 39. Ba4 Nc6 40. Bb5 Nd8 41. Na4
Nxa4 42. Rxa4 Rg8 43. Qc1 f6 44. exf6 Qxf6 45. Qa3 Qf8 46. Rb4 Qd6 47. Qa5+ Kc8
48. Ba4 Rg7 49. Rb6 Qf4 50. Qc5+ Rc7 51. Qd6 Qxd6 52. Rxd6 Re7 53. Rb6 Kc7 54.
Rb1 e5 55. dxe5 Rxe5 56. Kf2 Bc8 57. f4 Rf5 58. g3 Nb7 59. Re1 Nc5 60. Bc2 Rf6
61. Ke3 Kd6 62. Rb1 Bd7 63. Rb6+ Bc6 64. Rb1 Bd7 65. Rb6+ Bc6 66. Rb1 Bd7 67.
Kd4 Ne6+ 68. Nxe6 Rxe6 69. f5 gxf5 70. Bxf5 Re2 71. Bg6 Rd2+ 72. Ke3 Rg2 73.
Kf3 Rd2 74. Bxh5 Rd3+ 75. Kf4 Rxc3 76. Bg6 d4 77. g4 d3 78. h5 Ra3 79. Be4 Ra2
80. Ke3 Ke5 81. h6 Re2+ 82. Kf3 Rh2 83. Rb2 Rxh6 84. Ra2 Kd4 85. Ra7 Bxg4+ 86.
Kf4 d2 87. Ra1 d1=Q 88. Rxd1+ Bxd1 89. Bf5 c3 90. Kg5 Rh2 91. Kf6 Bf3 0-1

[Event "Sachsen Anhalt 2-Mecklenburg VP 1"]
[Site "Gladenbach"]
[Date "2011.09.16"]
[Round "6.2"]
[White "Liebscher, Helmar"]
[Black "Jabbusch, Burkhard"]
[Result "1/2-1/2"]
[WhiteElo "1990"]
[BlackElo "1879"]
[PlyCount "132"]
[EventDate "2011.??.??"]
[WhiteTeam "Sachsen Anhalt 2"]
[BlackTeam "Mecklenburg VP 1"]

1. e4 c5 2. Nf3 d6 3. d4 cxd4 4. Nxd4 Nc6 5. Nc3 g6 6. Be3 Bg7 7. Qd2 Bd7 8. h4
h5 9. O-O-O Nf6 10. f3 b6 11. Be2 Ne5 12. Kb1 a6 13. f4 Neg4 14. f5 gxf5 15.
exf5 b5 16. Bf3 Nxe3 17. Qxe3 Rb8 18. Nc6 Bxc6 19. Bxc6+ Kf8 20. Rhe1 Ng4 21.
Qa7 Ne5 22. Bd5 Qb6 23. Qxb6 Rxb6 24. Ne4 f6 25. Ng3 Bh6 26. Nxh5 Bd2 27. Rxd2
Rxh5 28. Be6 Rxh4 29. Rdd1 Rb8 30. Rh1 Rxh1 31. Rxh1 Kg7 32. Rh3 Rh8 33. Rg3+
Kf8 34. a4 b4 35. a5 Nc6 36. Rg4 Nxa5 37. Rxb4 Nc6 38. Rb6 Rh1+ 39. Ka2 Nd4 40.
Rxa6 Nxc2 41. Ra8+ Kg7 42. Rg8+ Kh7 43. Re8 Rg1 44. Rxe7+ Kh6 45. Rd7 Ne3 46.
Rxd6 Rxg2 47. Rd3 Re2 48. Ka3 Kg5 49. b4 Nxf5 50. Bd7 Ne3 51. b5 f5 52. Kb4 f4
53. b6 Rb2+ 54. Kc5 Nc4 55. Kxc4 Rxb6 56. Rd5+ Kh4 57. Kd3 Kg3 58. Rg5+ Kf2 59.
Bf5 f3 60. Be4 Rb3+ 61. Kd2 Rb2+ 62. Bc2 Rb8 63. Rf5 Rd8+ 64. Bd3 Rd7 65. Rf6
Rd8 66. Rf7 Rd6 1/2-1/2

[Event "Sachsen Anhalt 2-Mecklenburg VP 1"]
[Site "Gladenbach"]
[Date "2011.09.16"]
[Round "6.3"]
[White "Krüger, Gerhard"]
[Black "Kirmas, Joachim"]
[Result "1-0"]
[WhiteElo "1908"]
[BlackElo "1957"]
[PlyCount "27"]
[EventDate "2011.??.??"]
[WhiteTeam "Mecklenburg VP 1"]
[BlackTeam "Sachsen Anhalt 2"]

1. e4 e5 2. Nf3 d6 3. d4 exd4 4. Bc4 Be7 5. Nxd4 Nf6 6. Nc3 O-O 7. O-O c6 8. a4
Nxe4 9. Nxe4 d5 10. Bd3 dxe4 11. Bxe4 Na6 12. c3 Nc5 13. Bc2 Bf6 14. Qh5 1-0

[Event "Sachsen Anhalt 2-Mecklenburg VP 1"]
[Site "Gladenbach"]
[Date "2011.09.16"]
[Round "6.4"]
[White "Just, Joachim"]
[Black "Kühn, Peter"]
[Result "1-0"]
[WhiteElo "1894"]
[BlackElo "1826"]
[PlyCount "131"]
[EventDate "2011.??.??"]
[WhiteTeam "Sachsen Anhalt 2"]
[BlackTeam "Mecklenburg VP 1"]

1. c4 f5 2. g3 Nf6 3. Bg2 e6 4. Nf3 Be7 5. Nc3 d6 6. d4 O-O 7. O-O c6 8. Qc2
Qe8 9. e4 fxe4 10. Nxe4 Nxe4 11. Qxe4 Qh5 $11 12. Ne1 e5 13. Bf3 Qf5 14. dxe5
dxe5 15. Be3 Qxe4 16. Bxe4 Bh3 17. Bg2 Bxg2 18. Kxg2 Nd7 19. Rd1 Rfd8 20. Nc2
b6 21. Rd2 Nf6 22. Rfd1 Rxd2 23. Rxd2 h6 24. f3 Kf7 25. h3 c5 $11 26. g4 Rd8
27. Rxd8 Bxd8 28. Bf2 Bc7 29. Bg3 Ke6 30. Ne3 g6 31. Kf2 Bd6 32. Bh4 Ng8 33.
Nd5 g5 34. Bg3 Ne7 35. Nxe7 Bxe7 36. Ke3 Bd6 37. Ke4 Bc7 38. h4 Bd6 39. hxg5
hxg5 40. Bf2 Be7 41. Be3 Bd8 42. b3 Be7 43. Bd2 a6 44. Bc3 Bd6 45. a3 a5 46.
Bd2 Be7 47. Be3 Bd8 48. Kd3 Kd6 49. Bd2 Ke6 50. Ke4 Be7 51. Bc3 Bd6 52. Bb2 Bc7
53. Bc1 Bd8 54. Bd2 Be7 55. Be1 Bd6 56. Bf2 Bc7 57. Bg1 Bd8 58. Be3 Be7 59. Bd2
Bd8 60. b4 axb4 61. axb4 cxb4 62. Bxb4 Bc7 63. Bd2 Bd8 64. Be3 Kd6 65. Kf5 Be7
66. Bxb6 1-0

[Event "Bremen-Schleswig Holstein 2"]
[Site "Gladenbach"]
[Date "2011.09.16"]
[Round "6.1"]
[White "Böhm, Eckart"]
[Black "Schoene, Armin"]
[Result "1-0"]
[WhiteElo "1916"]
[BlackElo "2017"]
[PlyCount "73"]
[EventDate "2011.??.??"]
[WhiteTeam "Schleswig Holstein 2"]
[BlackTeam "Bremen"]

1. e4 d5 2. exd5 Qxd5 3. Nc3 Qd6 4. d4 a6 5. Bc4 Nf6 6. Nf3 b5 7. Bb3 Bb7 8.
O-O Nbd7 9. Re1 e6 10. Ne5 Nxe5 11. Rxe5 Rd8 12. Qe2 Kd7 13. Bf4 Kc8 14. Rd1
Qb6 15. d5 Bd6 16. Be3 c5 17. Rg5 Qc7 18. a4 c4 19. axb5 cxb3 20. bxa6 Bxd5 21.
Nxd5 Nxd5 22. Rgxd5 exd5 23. cxb3 Qa5 24. Qc2+ Kd7 25. Qf5+ Ke7 26. Bd4 f6 27.
Bc3 Qxa6 28. Re1+ Kf8 29. Re6 Qa1+ 30. Re1 Qa7 31. Re6 Qf7 32. Bxf6 Re8 33.
Bxg7+ Kxg7 34. Qg5+ Kf8 35. Qh6+ Qg7 36. Rxe8+ Kf7 37. Qe6# 1-0

[Event "Bremen-Schleswig Holstein 2"]
[Site "Gladenbach"]
[Date "2011.09.16"]
[Round "6.2"]
[White "Gerhardt, Peter-Michael"]
[Black "Lehmann, Erwin"]
[Result "1/2-1/2"]
[WhiteElo "1916"]
[BlackElo "1931"]
[PlyCount "33"]
[EventDate "2011.??.??"]
[WhiteTeam "Bremen"]
[BlackTeam "Schleswig Holstein 2"]

1. Nf3 d5 2. g3 c5 3. Bg2 Nc6 4. O-O Nf6 5. d4 cxd4 6. Nxd4 e6 7. Nxc6 bxc6 8.
c4 Be7 9. b3 O-O 10. Bb2 a5 11. Nc3 Ba6 12. cxd5 cxd5 13. Re1 Rc8 14. e3 Bb4
15. Qd4 Qd6 16. Rec1 e5 17. Qd1 1/2-1/2

[Event "Bremen-Schleswig Holstein 2"]
[Site "Gladenbach"]
[Date "2011.09.16"]
[Round "6.3"]
[White "Meyer, Heinz"]
[Black "Pundt, Wilfried"]
[Result "1/2-1/2"]
[WhiteElo "1852"]
[BlackElo "1760"]
[PlyCount "38"]
[EventDate "2011.??.??"]
[WhiteTeam "Schleswig Holstein 2"]
[BlackTeam "Bremen"]

1. Nf3 e6 2. d4 b6 3. e4 Bb7 4. Bd3 c5 5. c3 d5 6. e5 Nc6 7. O-O Rc8 8. a3 Nge7
9. Bg5 Qd7 10. Qe2 Ng6 11. Nbd2 Be7 12. Be3 O-O 13. h4 cxd4 14. cxd4 f6 15.
exf6 Rxf6 16. Ng5 Nf8 17. Rfe1 e5 18. dxe5 Nxe5 19. Bb5 Bc6 1/2-1/2

[Event "Bremen-Schleswig Holstein 2"]
[Site "Gladenbach"]
[Date "2011.09.16"]
[Round "6.4"]
[White "Dietrich, Igor"]
[Black "Meiwald, Gerhard"]
[Result "1/2-1/2"]
[WhiteElo "1716"]
[BlackElo "1843"]
[PlyCount "44"]
[EventDate "2011.??.??"]
[WhiteTeam "Bremen"]
[BlackTeam "Schleswig Holstein 2"]

1. e4 c5 2. d4 cxd4 3. c3 dxc3 4. Nxc3 g6 5. Nf3 Bg7 6. Bc4 Nc6 7. Qd5 e6 8.
Qd6 Qe7 9. Bf4 e5 10. Qxe7+ Ngxe7 11. Be3 a6 12. a4 O-O 13. Bc5 d6 14. Bxd6 Rd8
15. Bc7 Rf8 16. h3 h6 17. Rd1 Kh7 18. Bb6 f5 19. Ke2 fxe4 20. Nxe4 Nf5 21. Nd6
Ncd4+ 22. Nxd4 Nxd4+ 1/2-1/2

[Event "Bayern 2-Mecklenburg VP 2"]
[Site "Gladenbach"]
[Date "2011.09.16"]
[Round "6.1"]
[White "Pamperin, Gerhard"]
[Black "Fischer, Gerd"]
[Result "1/2-1/2"]
[WhiteElo "1805"]
[BlackElo "2039"]
[PlyCount "96"]
[EventDate "2011.??.??"]
[WhiteTeam "Mecklenburg VP 2"]
[BlackTeam "Bayern 2"]

1. d4 Nf6 2. c4 e5 3. dxe5 Ng4 4. Nf3 Nc6 5. Bg5 Be7 6. Bxe7 Qxe7 7. e3 Ngxe5
8. Nbd2 d6 9. Be2 Be6 10. a3 O-O 11. O-O d5 12. Qc2 Rad8 13. Rfd1 Rd7 14. cxd5
Bxd5 15. Nxe5 Nxe5 16. Nf1 Rfd8 17. Ng3 Ng6 18. Qc3 Nh4 19. Bf1 Rd6 20. Rd4 Be6
21. Rad1 Rxd4 22. Rxd4 Rxd4 23. Qxd4 c5 24. Qe5 Qf8 25. f4 Bd7 26. f5 Qc8 27.
e4 Qe8 28. Qxc5 a6 29. Qd4 Bc6 30. Nh5 f6 31. Bc4+ Kh8 32. Nxf6 Nxf5 33. exf5
Qe1+ 34. Bf1 gxf6 35. Qxf6+ Kg8 36. Qc3 Qb1 37. Qc4+ Kf8 38. Kf2 Qxb2+ 39. Kg3
Qg7+ 40. Kf2 Qb2+ 41. Be2 Bb5 42. Qe6 Bxe2 43. Qxe2 Qf6 44. g4 Qd4+ 45. Kg2
Qd5+ 46. Qf3 Qd2+ 47. Kg3 Qd6+ 48. Kf2 Qxh2+ 1/2-1/2